000 00508nam a2200181Ia 4500
001 14755
003 GE_BSU
008 181216s||||||||xx |||||||||||||| ||und||
040 _cGE_BSU
080 _aპერიოდიკა
245 _aВопросы философии, №2. 2015.
245 _cГл.ред.Пружинин Борис Исаевич и др.
260 _aМосква
260 _c2015
300 _a224стр.24см.
653 _aВопросы философии
942 _cCR
999 _c47878
_d47878